| 000 | 01054cam a2200301 4500 | ||
|---|---|---|---|
| 005 | 20260322212047.0 | ||
| 008 | data | ||
| 010 | _a 73163085 | ||
| 020 | _a0385076800 | ||
| 020 | _a9780385076807 | ||
| 040 |
_aDLC _cDLC _dDLC |
||
| 050 | 0 | 0 |
_aGV1243 _b.G49 |
| 082 | 0 | 0 | _a795.4 |
| 092 | _a795.4 Gib 2001 | ||
| 100 | 1 |
_aGibson, Walter B. _d1897-1985. _q(Walter Brown), |
|
| 245 | 1 | 0 |
_aHoyle's modern encyclopedia of card games; _brules of all the basic games and popular variations, _cWalter B. Gibson. |
| 250 | _a[1st ed.] | ||
| 260 |
_aGarden City, N.Y., _bDolphin Books _c2001. |
||
| 300 |
_a398 p. _billus. _c21 cm. |
||
| 350 | _a{dollar}3.95 | ||
| 490 | 0 | _aA Dolphin handbook | |
| 650 | 0 |
_aCard games _vDictionaries. |
|
| 856 | 4 | 2 |
_3Publisher description _uhttp://www.loc.gov/catdir/description/random0413/73163085.html |
| 906 |
_a7 _bcbc _corignew _d2 _encip _f19 _gy-gencatlg |
||
| 925 | 0 |
_aacquire _b1 shelf copy _xpolicy default |
|
| 991 |
_bc-GenColl _hGV1243 _i.G49 _p00012571215 _tCopy 1 _wBOOKS |
||
| 001 | data | ||
| 999 |
_c1110 _d1110 |
||